Schaum's outline of theory and problems of advanced calculus /
Guardado en:
| Autor Principal: | |
|---|---|
| Formato: | Libro |
| Idioma: | English |
| Publicado: |
New York :
McGraw-Hill,
c1965.
|
| Series: | Schaum's outline series
|
| Materias: | |
| Etiquetas: |
Agregar Etiqueta
Sin Etiquetas, Sea el primero en etiquetar este registro!
|
| LEADER | 00952nam a22002655a 4500 | ||
|---|---|---|---|
| 001 | EIQ.libpla004159 | ||
| 008 | 080724s1965####nyua##########001#0#eng#d | ||
| 005 | 20080725162815.0 | ||
| 245 | 1 | 0 | |a Schaum's outline of theory and problems of advanced calculus / |c Murray R. Spiegel. |
| 260 | |a New York : |b McGraw-Hill, |c c1965. | ||
| 300 | |a 261 p. : |b il. ; |c 28 cm. | ||
| 490 | 1 | |a Schaum's outline series | |
| 500 | |a Incluye índice. | ||
| 500 | |a Incluye 925 problemas resueltos. | ||
| 100 | 1 | |a Spiegel, Murray R. | |
| 830 | 0 | |a Schaum's outline series | |
| 246 | 3 | 0 | |a Theory and problems of advanced calculus |
| 246 | 1 | 4 | |a Advanced calculus |
| 650 | 4 | |a Cálculo avanzado |x Problemas, ejercicios, etc. | |
| 650 | 4 | |a Matemática |x Cálculo avanzado. | |
| 650 | 4 | |a Advaced calculus |x Problems, exercises, etc. | |
| 650 | 4 | |a Mathematics |x Advaced calculus. | |
| 010 | |a 98046602 | ||
| 040 | |a DLC |c DLC |d AR-BbSID | ||
| 859 | |a AR-BbSID |b BIB. PLAPIQUI |h 515 |i Sp 43 |p 120 | ||
